The library of the Villa dei Papiri at Herculaneum /

محفوظ في:

المؤلف الرئيسي: Sider, David (مؤلف)

التنسيق: كتاب

اللغة: English

منشور في: Los Angeles : J. Paul Getty Museum, c2005.

الموضوعات:

الوسوم: إضافة وسم

لا توجد وسوم, كن أول من يضع وسما على هذه التسجيلة!

رقم الطلب: DG70 .H5 S565 2005

LEADER 00939nam a2200253Ia 4500
003 OSt
005 20260113140109.0
008 211223s2005 cauab b 001 0 eng d
020 |a 9780892367993 
040 |c ARCE Library 
050 4 |a DG70 .H5 S565 2005 
100 1 |a Sider, David,   |e author 
245 1 4 |a The library of the Villa dei Papiri at Herculaneum /   |c David Sider. 
264 1 |a Los Angeles :   |b J. Paul Getty Museum,   |c c2005. 
300 |a viii, 123 p. :   |b ill. (some col.), 1 col. map ;   |c 26 cm. 
504 |a Includes bibliographical references (p. 116-117) and index. 
600 1 0 |a Piso Caesoninus, Lucius Calpurnius   |x Library. 
610 2 0 |a Villa of the Papyri (Herculaneum) 
650 0 |a Private libraries   |z Italy   |z Herculaneum (Extinct city) 
650 0 |a Manuscripts, Greek (Papyri)   |z Italy   |z Herculaneum (Extinct city) 
651 0 |a Herculaneum (Extinct city) 
901 |a reviewed 
942 |2 lcc  |c BK 
999 |c 41240  |d 41240